Modern college algebra : (Record no. 543685)

000 -LEADER
fixed length control field 00515nam a2200169 i 4500
020 ## - INTERNATIONAL STANDARD BOOK NUMBER
International Standard Book Number 0155604155
082 00 - DEWEY DECIMAL CLASSIFICATION NUMBER
Classification number 512.904
Author Mark JAM
-- L-1;P-24
100 1# - MAIN ENTRY--PERSONAL NAME
Personal name Jamison, Ronald D.
9 (RLIN) 39151
245 10 - TITLE STATEMENT
Title Modern college algebra :
Remainder of title with applications /
Statement of responsibility, etc. Ronald D. Jamison.
260 ## - PUBLICATION, DISTRIBUTION, ETC.
Place of publication, distribution, etc. New York :
Name of publisher, distributor, etc. Harcourt Brace Jovanovich,
Date of publication, distribution, etc. c1976.
300 ## - PHYSICAL DESCRIPTION
Extent x, 462 p. :
Other physical details ill. ;
Dimensions 25 cm.
500 ## - GENERAL NOTE
General note Includes index.
526 ## - STUDY PROGRAM INFORMATION NOTE
Program name 0
Interest level 0
Reading level 0
Title point value 512_904000000000000_JAM
650 #0 - SUBJECT ADDED ENTRY--TOPICAL TERM
Topical term or geographic name entry element Algebra.
9 (RLIN) 8509
650 #0 - SUBJECT ADDED ENTRY--TOPICAL TERM
Topical term or geographic name entry element MCE
9 (RLIN) 379
942 ## - ADDED ENTRY ELEMENTS (KOHA)
Source of classification or shelving scheme
Koha item type Book
Holdings
Withdrawn status Lost status Source of classification or shelving scheme Damaged status Not for loan Permanent Location Current Location Date acquired Total Checkouts Full call number Barcode Date last seen Price effective from Koha item type
          Military College of Engineering (MCE) Military College of Engineering (MCE) 03/28/2014   512.904 JAM MCE-9594 03/28/2014 03/28/2014 Book
© 2023 Central Library, National University of Sciences and Technology. All Rights Reserved.